Boston Bruins All Time Point Leaders - Statistics

General Stats
  • This quiz has been taken 27 times
  • The average score is 9 of 15
Answer Stats
Hint Answer % Correct
888 Bobby Orr
100%
976 Brad Marchand
83%
1012 Phil Esposito
83%
*833* David Pastrnak
79%
1040 Patrice Bergeron
79%
1339 Johnny Bucyk
67%
1506 Ray Bourque
63%
590 Cam Neely
54%
786 David Krejci
54%
898 Rick Middleton
46%
575 Milt Schmidt
42%
606 Terry O'Reilly
42%
793 Wayne Cashman
33%
674 Ken Hodge
25%
587 Peter McNab
13%
No matching quizzes found
Score Distribution
Percent of People with Each Score
Percentile by Number Answered
Your Score History
You have not taken this quiz